Landkreise mit Kreissitz und Kfz-Kennzeichen Sachsen-Anhalts - Statistiken

Allgemein
  • Dieses Quiz wurde 21 mal gespielt
  • Das Durchschnittsergebnis liegt bei 19 aus 39
Antwortstatistiken
Antworten % Korrekt
DE, RSL
94%
HAL
88%
MD
82%
Burg
65%
ABI, AZE, BTF, KÖT, ZE
59%
Halberstadt
59%
HZ, HBS, QLB, WR
59%
kreisfreie Stadt Magdeburg
59%
BLK, HHM, NEB, NMB, WSF, ZZ
53%
Burgenlandkreis
53%
kreisfreie Stadt Halle (Saale)
53%
Salzlandkreis
53%
Stendal
53%
WB, GHC, JE
53%
Altmarkkreis Salzwedel
47%
JL, BRG, GNT
47%
kreisfreie Stadt Dessau-Roßlau
47%
Landkreis Harz
47%
Landkreis Jerichower Land
47%
Landkreis Stendal
47%
Merseburg
47%
Salzwedel
47%
SAW, GA, KLZ
47%
SDL, HV, OBG
47%
SK, MER, MQ, QFT
47%
Haldensleben
41%
Landkreis Mansfeld-Südharz
41%
Landkreis Wittenberg
41%
Lutherstadt Wittenberg
41%
Naumburg (Saale)
41%
Saalekreis
41%
Sangerhausen
41%
SLK, ASL, BBG, SBK, SFT
41%
Bernburg (Saale)
35%
BK, BÖ, HDL, OC, OK, WMS, WZL
35%
Landkreis Anhalt-Bitterfeld
35%
Landkreis Börde
35%
MSH, EIL, HET, ML, SGH
35%
Köthen (Anhalt)
29%
Keine übereinstimmenden Quizze gefunden
Verteilung der Resultate
Anzahl Personen mit jedem Resultat
Perzentil nach korrekt beantworteten Fragen
Ihre Resultats-Entwicklung
Sie haben dieses Quiz noch nicht gespielt